000 00796nam a22002777a 4500
003 DO-SdBNP
005 20180220113350.0
008 151029b 1992 sp a | 00| 0 spa d
020 _a8434811219
040 _aBPMSU
_bspa
_cBPMSU
100 _aWilson, Eric
245 _aAsesinato en el canadian express /
_bEric Wilson ; traducción Pedro Barbadillo ; ilustraciones Tom McNeely
250 _a13 ed.
260 _aMadrid :
_bSM
_c1992
300 _a159 p. :
_bil.
_g20 cm
490 0 _aEl barco de vapor
_v15
490 0 _aNaranja
521 _aA partir de 9 años.
700 1 _aBarbadillo, Pedro
_etrad.
700 1 _aMcNeely, Tom
_eil.
830 0 _aEl barco de vapor
_v15
830 0 _aNaranja
942 _2ddc
_cBK
945 _aInventariado, 2018/ YL
956 _adaysi garcia
999 _c8490
_d8490